000 00716nam a2200229 i 4500
001 125525
003 ES-MaACL
005 20230906192639.0
007 t|
008 070615s1979 fr ||||1| fre d
020 _a2-85199-196-5
080 _a725.822(443.611)(091)
100 1 _aRivière, François.
_997734
245 1 0 _aGrand Guignol /
_cFrançois Rivière , Gabrielle Wittkop.
260 _a[Paris] :
_bHenri Veyrier,
_c[1979]
300 _a141 p. :
_bil. ;
_c15 cm.
500 _aBiblioteca Jacinto Martínez Lacalle.
650 1 4 _aLe théâtre du Grand-Guignol(Paris)-
_xHistoria.
_9234081
700 1 _aWittkop, Gabrielle.
_9117189
852 _aES-MaACL
_jE-11698
_bR.139720
999 _c125525
_d125525